|
|
|
|
| LEADER |
01092nam a2200217 a 4500 |
| 001 |
GR-MES10048 |
| 008 |
060410s gr b 001 0 gre d |
| 020 |
|
|
|a 0201184613
|
| 040 |
|
|
|a GrPaTEI
|b gre
|c GR-PaULI
|
| 040 |
|
|
|a GrPaTEI
|b gre
|c GR-PaULI
|
| 100 |
1 |
|
|a Ibe, Oliver
|
| 245 |
1 |
0 |
|a Essentials of ATM networks and services /
|c Oliver C. Ibe.
|
| 260 |
|
|
|a Reading ,Mass :
|b Addison-Wesley,
|c c1997
|
| 300 |
|
|
|a xv , 224σ. :
|b εικ. ;
|c 24εκ.
|
| 504 |
|
|
|a Περιλαμβάνει βιβλιογραφικές παραπομπές (σ. 209-215) και ευρετήριο
|
| 650 |
|
0 |
|a Asynchronous transfer mode
|
| 942 |
|
|
|2 ddc
|
| 952 |
|
|
|0 0
|1 0
|2 ddc
|4 0
|6 004_660000000000000_IBE
|7 0
|9 269674
|a MSLG
|b MSLG
|c BSC
|d 2021-01-17
|e 24
|f 0
|g 0.00
|l 0
|o 004.66 IBE
|p 2420000020619
|r 2021-01-17 00:00:00
|t 1
|w 2021-01-17
|y BK15
|x 20060410 0 1
|x GrPaTEI
|
| 952 |
|
|
|0 0
|1 0
|2 ddc
|4 0
|6 004_660000000000000_IBE
|7 0
|9 269675
|a MSLG
|b MSLG
|c BSC
|d 2021-01-17
|e 24
|f 0
|g 0.00
|l 0
|o 004.66 IBE
|p 2420000020620
|r 2021-01-17 00:00:00
|t 1
|w 2021-01-17
|y BK15
|x 20060410 0 1
|x GrPaTEI
|
| 971 |
|
|
|a .b25760956
|b 15-04-20
|c 13-09-16
|
| 999 |
|
|
|c 155632
|d 155632
|